4. Personaggi del Rinascimento dall'immagine - Statistics

Statistiche generali
  • Questo quiz è stato fatto 71 volte
  • Il punteggio medio è 13 su 25
Statistiche sulle risposte
con Immagini Risposta % Corretto
Leonardo da Vinci
98%
Niccolò Machiavelli
90%
Lorenzo de' Medici
85%
Martin Lutero
85%
Michelangelo Buonarroti
85%
Enrico VIII d'Inghilterra
80%
Raffaello Sanzio
80%
Elisabetta I d'Inghilterra
79%
Cristoforo Colombo
70%
Michelangelo Merisi
70%
Sandro Botticelli
59%
Carlo V d'Asburgo
49%
Girolamo Savonarola
38%
Giulio II
34%
Ludovico Ariosto
34%
Erasmo da Rotterdam
33%
Solimano il Magnifico
33%
Torquato Tasso
31%
Ferdinando Magellano
26%
Giovanni Calvino
26%
Ludovico Sforza
25%
Filippo II di Spagna
20%
Tiziano Vecellio
18%
Angelo Poliziano
7%
Lucrezia Tornabuoni
5%
Nessun quiz corrispondente trovato
Distribuzione punteggi
Percentuale di utenti per punteggio
Percentile per numero di risposta
I tuoi punteggi nel tempo
Non hai fatto questo quiz